Early stone age in Saurashtra, Gujarat / by H. D. Sankalia
Descripción Física:
p. 327-346 : il. ; 27 cm
Colección:
Monografías ; 16
Materias:
Paleolític -- Gujarat (Índia)
MARC
| LEADER | 00000nam a2200000Ia 4500 | ||
|---|---|---|---|
| 001 | 7787 | ||
| 008 | 160829s1965 xx 000 0 cat d | ||
| 080 | |a FU-21-9 | ||
| 100 | |a Sankalia, H. D. |9 25349 | ||
| 245 | |a Early stone age in Saurashtra, Gujarat / by H. D. Sankalia | ||
| 260 | |a Barcelona : |b Diputación. Instituto de Prehistoria y Arqueología, |c 1965 | ||
| 300 | |a p. 327-346 : |b il. ; |c 27 cm | ||
| 490 | |a Monografías ; 16 | ||
| 590 | |a Separata de: Miscelánea en Homenaje al Abate Henri Breuil, tomo II | ||
| 650 | |a Paleolític |x Gujarat (Índia) |9 25350 | ||
| 710 | 2 | |a Instituto de Prehistoria y Arqueología (Barcelona, Catalunya) |9 54255 | |
| 901 | |a Arxiu | ||
| 942 | |n 1 |2 udc | ||
| 952 | |0 0 |1 0 |4 0 |6 FU219 |7 1 |9 43572 |a Arxiu |b Arxiu |d 2016-12-01 |l 0 |o FU-21-9 |p 7787 |r 2016-12-01 00:00:00 |w 2016-12-01 |y ARXIU | ||
| 999 | |c 46119 |d 46119 | ||